Appleton & lange outline review : Microbiology and immunology

Guardat en:
Dades bibliogràfiques
Autor principal: Yotis, William W.
Format: Llibre
Idioma:Undetermined
Publicat: New York, N.Y. McGraw-Hill 2001
Matèries:
Etiquetes: Afegir etiqueta
Sense etiquetes, Sigues el primer a etiquetar aquest registre!
Thư viện lưu trữ: Trung tâm Học liệu Trường Đại học Cần Thơ
LEADER 00564nam a2200205Ia 4500
001 CTU_98639
008 210402s9999 xx 000 0 und d
020 |c 19.59 
082 |a 616.9041076 
082 |b Y66 
100 |a Yotis, William W. 
245 0 |a Appleton & lange outline review : 
245 0 |b Microbiology and immunology 
245 0 |c William W. Yotis 
260 |a New York, N.Y. 
260 |b McGraw-Hill 
260 |c 2001 
650 |a Medical microbiology,Immunology 
904 |i Minh 
980 |a Trung tâm Học liệu Trường Đại học Cần Thơ